000
00254nam a2200109Ia 4500
008
220204s9999 xx 000 0 und d
082
_a
82-3
_b
COL
100
_a
Collins, Jackie
245
0
_a
Hollywood wives
260
_a
Calcutta
_b
Rupa
_c
1983
942
_c
BK
999
_c
38575
_d
38575